Responses for Show #6120 - Friday, April 1, 2011

Christopher Short game 1.

Contestants

[<< previous game]

Christopher Short, a pub trivia editor from Crawfordsville, Indiana

Mark Samburg, a law clerk from Essex, Connecticut

Amanda Wallwin, a creative project manager from Brooklyn, New York (whose 1-day cash winnings total $19,000)

[next game >>]

Jeopardy! Round responses

MUSEUMS BY CITY
SPORTS NICKNAMES
ACTUAL FBI FILES
WHAT'S GOING "ON"?
VWLLSS MMMLS
(Alex: VOWELESS MAMMALS.)
MOLECULAR GASTRONOMY
(Jimmy: From Chicago's Moto Restaurant--[*]. Is it cooking? Is it chemistry? Is it a little of both? )
    $200 1
(Mark: I'll take "VOOLESS MOOMELS" for $200, please.)
[Laughter]

Washington, D.C.

Mark
    $200 7
Ruth

Christopher
    $200 11
(Marilyn) Monroe

Mark
    $200 17
Ontario

Amanda
    $200 2
an armadillo

Amanda
    $200 16
(Alex: And we all have it in our refrigerators, don't we?)

nitrogen

Christopher
    $400 3
Dearborn

Amanda
    $400 8
Louis

Christopher
    $400 12
Martin Luther King, Jr.

Amanda
    $400 18
an onside kick

Mark
    $400 13
an anteater

Amanda
    $400 19
a gel (gelatinous accepted)

Amanda
    $600 4
Cleveland

Amanda
    $600 9
Walter Payton

Christopher
    $600 28
(Christopher: Who is Eisenhower?)

MacArthur

MarkChristopher
    $600 20
an onlooker

Christopher
    $600 14
a cheetah

Christopher
    $600 23
(Amanda: What is fast?)
...
(Alex: You're thinking of "vite", V-I-T-E, instead of "vide", which is synonymous with "[*]" in this case.)

vacuum

Amanda
Triple Stumper
    $800 5
Los Angeles

Amanda
    $800 10
(Jim) Hunter

Mark
    $800 29
Roswell

Christopher
    $800 21
an onyx

Triple Stumper
    $800 26
a bandicoot

Christopher
    $500 24
caramelization

Amanda
    $1000 6
(Mark: What is New York?)

Pittsburgh

MarkChristopher
    $1000 15
(Tyrone) Bogues

Mark
    $1000 30
Groucho Marx

Triple Stumper
    $1000 22
oncology

Amanda
    $1000 27
an antelope

Christopher
    $1000 25
(Mark: What are the taste buds?)
(Alex: Be more specific.)
(Mark: Uh, what are sour taste buds?)

receptors

Mark
Triple Stumper

Scores at the first commercial break (after clue 15):

Amanda Mark Christopher
$2,800 $1,200 $2,800

Scores at the end of the Jeopardy! Round:

Amanda Mark Christopher
$4,300 $1,200 $5,600

Double Jeopardy! Round responses

BIBLICAL WHO SAID IT?
TV SPIN-OFFS
IN YOUR FACE!
PIRATE HAIKU--"AR"
(Alex: Each correct response will begin with those two letters.)
SHAKE, SHAKE, SHAKE
DJIBOUTI
    $400 20
Adam

Amanda
    $400 2
All in the Family

Christopher
    $400 1
the forehead

Mark
    $400 3
Argentina

Amanda
    $400 7
seismic waves

Amanda
    $400 26
Islam

Amanda
    $800 22
King David

Triple Stumper
    $800 4
Beverly Hills, 90210

Christopher
    $800 15
the lips

Triple Stumper
    $800 5
an aria

Amanda
    $800 11
aftershocks

Amanda
    $800 27
French

Amanda
    $1,000 23
(Alex: [*], yes. In the belly of the whale.)

Jonah

Amanda
    $1200 8
Dora the Explorer

Christopher
    $1200 19
cheek

Christopher
    $1200 6
argon

Mark
    $1200 12
the eruption of Vesuvius

Christopher
    $1200 28
a constitution

Mark
    $1600 24
Pontius Pilate

Mark
    $1600 13
Grey's Anatomy

Amanda
    $1600 18
(Christopher: What are your eyelashes? What are [*]?)

your eyes

Christopher
    $1600 9
Armada

Christopher
    $4,800 17
faults

Mark
    $1600 29
[The end-of-round signal sounds.]

a wind

Triple Stumper
    $2000 25
(Christopher: Who is Daniel?)
...
(Alex: And that takes you close to the lead with less than a minute to go now.)

Joseph

MarkChristopher
    $2000 14
Laguna Beach

Mark
    $2000 21
(Mark: What is your fistula?)
...
(Alex: What is your [*]--not fistula--something quite different.)

philtrum

Mark
Triple Stumper
    $2000 10
Artemis

Amanda
    $2000 16
Mercalli

Triple Stumper

Scores at the end of the Double Jeopardy! Round:

Amanda Mark Christopher
$12,900 $12,400 $11,600

[wagering suggestions for these scores]

Final Jeopardy! Round responses

BILLBOARD'S HOT 100
ChristopherWho is the cast of Glee?
$10,000
MarkWho are The Rolling Stones?
$10,801
AmandaWho is the Jackson 5?
$11,901
the cast of Glee

Final scores:

Amanda Mark Christopher
$999 $1,599 $21,600
3rd place: $1,000 2nd place: $2,000 New champion: $21,600

Game dynamics:

Coryat scores:

Amanda Mark Christopher
$13,400 $9,200 $11,600
20 R
(including 2 DDs),
1 W
13 R
(including 1 DD),
3 W
17 R,
2 W

Combined Coryat: $34,200

[game clues] [game scores] [suggest correction]

Game tape date: 2010-11-30
The J! Archive is created by fans, for fans. Scraping, republication, monetization, and malicious use prohibited; this site may use cookies and collect identifying information. See terms. The Jeopardy! game show and all elements thereof, including but not limited to copyright and trademark thereto, are the property of Jeopardy Productions, Inc. and are protected under law. This website is not affiliated with, sponsored by, or operated by Jeopardy Productions, Inc. Join the discussion at JBoard.tv.